00857nam a2200217 a 450000100060000000300080000600500170001400800410003103500190007204000340009104100080012508200260013310000360015924501060019526000990030130000340040065000350043494200120046999900170048195201410049872752BD-RjUL20211209082315.0170523s1963 enk 001 0 eng d a(BD-RjUL)72970 aNUNbengcNUNdABN:2dBD-RjUL aeng 223a916.782bGRS 19631 aGray, Robert F.,d1912-921520714aThe Sonjo of Tanganyika :ban anthropological study of an irrigation-based society /cRobert F. Gray. aLondon :bPublished for the International African Institute by Oxford University Press,c1963. axii, 181 p. :bill. ;c19 cm. 0aSonjo (African people)9215208 2ddccBK c72752d72752 00102ddc40718NFICaRUCLbRUCLcReadingd1965-11-29eZeitlingerg37.60l0o916.782 GRS 1963r2017-05-23 00:00:00tC-1w2017-05-23yBK